000
00180 a2200085 4500
020
_a
978-9881296801
100
_a
TiagoDo Vale
245
_a
Japanese Landscape Design
260
_c
2014
999
_c
11210
_d
11210